Linguistics: an introduction to language and communication
Saved in:
| Main Author: | |
|---|---|
| Format: | Book |
| Language: | English |
| Published: |
PHI Learning,
2010
|
| Tags: |
Add Tag
No Tags, Be the first to tag this record!
|
MARC
| LEADER | 00000nam a22000007a 4500 | ||
|---|---|---|---|
| 008 | 201208b ||||| |||| 00| 0 eng d | ||
| 020 | |a 978-81-203-4457-0 | ||
| 100 | |a AKMAJIAN, Adrian | ||
| 245 | |a Linguistics: an introduction to language and communication |c Adrian Akmajian |g xiv, 630p. ; ill. | ||
| 250 | |b 6th ed. | ||
| 260 | |b PHI Learning, |c 2010 |h New Delhi |i 689671 |i 690051 |i 690052 |l P121 .Ak5 |m Linguistics. | ||
| 500 | |a It includes bibliographical references and index | ||
| 942 | |a lcc |c BK |e ADEYEYE Y. S. |f 8/12/2020 | ||
| 952 | |0 0 |1 0 |2 lcc |4 0 |6 P0121 A K5 |7 0 |9 200 |a HOL |b ED |c LP |d 2020-12-08 |l 0 |o P121 .Ak5 |p 2020-0143 |r 2020-12-08 00:00:00 |w 2020-12-08 |y BK | ||
| 952 | |0 0 |1 0 |2 lcc |4 0 |7 0 |9 201 |a HOL |b ART |c LP |d 2020-12-08 |o P121 .Ak5 |p 2020-0145 |r 2020-12-08 00:00:00 |w 2020-12-08 |y BK | ||
| 952 | |0 0 |1 0 |2 lcc |4 0 |6 P0121 A K5 |7 0 |9 202 |a HOL |b HOL |c LP |d 2020-12-08 |l 0 |o P121 .Ak5 |p 2020-0144 |r 2020-12-08 00:00:00 |w 2020-12-08 |y BK | ||
| 999 | |c 73 |d 73 | ||